000 00918nas a2200277 4500
001 BR8102387
003 BR-BrBNA
005 20231205084655.0
007 ta
008 230509b bl.|||p| |||| 00| 00por d
040 _aBR-BrBNA
_bpor
_cBiblioteca Nacional de Agricultura
041 _a(Pt)
072 _aH00
100 1 _aYoneda, H.
100 1 _aVasques, R.M.P.
100 1 _aMatsunaga, A.K.
245 1 _aAnalise da mistura inseticida fenitrothion e malathion por cromatografia de gas [Analise fisica]
246 1 _aGas chromatographic analysis of malathion and fenitrothion mixture [Physical analysis]
650 _aDefesa vegetal
650 _aInseticida
650 _aAnalise fisica
650 _aCromatografia
773 0 _tArquivos do Instituto Biologico (Brazil)
_xISSN 0020-3653
_g(Jul 1980), v. 47(3) p. 59-62
_wBR8102387
909 _a202311
_bLúcia
_c55
_dLúcia Elande
942 _2AGRIS
_n0
_cANA
999 _c106600
_d106600